000 00459nam a2200181Ia 4500
001 23752
005 20260414150958.0
008 260414t1959||||xx |||||||||||||| ||spa||
041 _aESP
082 _a704.948
_bV27
100 _aValverde, José María
_eAUT
245 0 _aCartas a una cura escéptico en materia de arte moderno
_b
260 _c1959
300 _a115 páginas :
_c18 cm.
650 _aABD
654 _aCAU
942 _cLIB
_dJUS
_fJUS
_2ddc
_n
999 _c23752
_d23752